[Event "US Open-113"]
[Site "Vancouver"]
[Date "2012.08.06"]
[Round "3"]
[White "Bishop, Alan"]
[Black "Levin, Scott Andrew"]
[Result "1-0"]
[WhiteElo "2000"]
[BlackElo "1821"]
[PlyCount "49"]
[EventDate "2012.08.04"]
[EventType "swiss"]
[EventRounds "9"]
[EventCountry "USA"]
[SourceTitle "CBM 149 Extra"]
[Source "ChessBase"]
[SourceDate "2012.08.24"]
[SourceVersion "1"]
[SourceVersionDate "2012.08.24"]
[SourceQuality "1"]

1. e4 c5 2. Nf3 a6 3. d4 cxd4 4. Nxd4 Nf6 5. Nc3 e5 6. Nf3 Bb4 7. Bc4 Qc7 8. Qd3 d5 9. Bxd5 Nxd5 10. exd5 0-0 11. Bd2 Nd7 12. Ng5 Nf6 13. 0-0-0 Bg4 14. Nce4 Nxe4 15. Qxe4 Bxd2+ 16. Rxd2 f5 17. Qd3 Qd6 18. Re1 Bh5 19. Ne6 Rfe8 20. Qg3 Re7 21. Qxe5 Qb4 22. d6 Rd7 23. Nc5 Re8 24. Qd5+ Kf8 25. Nxd7# 1-0